000 00344nam a2200145Ia 4500
008 230312s9999||||xx |||||||||||||| ||und||
020 _a84-9936-905-1
082 _a338.761
_bSAE-U
100 _aSaelen;arne
245 0 _aUrban landscapes
260 _bLoft
_aUSA
_c2012
300 _a291
650 _aArchitecture
_vArchitecture
942 _cBK
999 _c12715
_d12715